[Event "MCRE_PF10"]
[Site "?"]
[Date "2002.??.??"]
[Round "?"]
[White "Brousek, Jiri"]
[Black "Milos, Vladislav"]
[Result "0-1"]
[WhiteElo "2325"]
[BlackElo "2180"]
[PlyCount "156"]
[EventDate "2002.??.??"]
[EventType "corr"]
[EventRounds "2"]

1. d4 Nf6 2. Nf3 d5 3. e3 c5 4. dxc5 e6 5. b4 a5 6. c3 axb4 7. cxb4 b6 8. a4
bxc5 9. b5 Nbd7 10. Be2 Bd6 11. O-O O-O 12. Bb2 Bb7 13. Qc2 Qc7 14. Nbd2 Rfc8
15. Rfd1 e5 16. Nh4 g6 17. Bf1 c4 18. Bc3 Bc5 19. Nhf3 e4 20. Nd4 Ng4 21. g3
Bb6 22. Bh3 Nde5 23. Rdb1 Ba5 24. Bxa5 Rxa5 25. Rd1 Qe7 26. Nb1 Qg5 27. Nc3 Qh5
28. Bxg4 Qxg4 29. Qe2 Qg5 30. f4 exf3 31. Nxf3 Qh5 32. Nxe5 Qxe5 33. Rd4 Re8
34. Re1 Raa8 35. Qd2 Qg5 36. Ra1 Rad8 37. Nd1 Ba8 38. a5 Rb8 39. Nc3 Rxe3 40.
Nd1 Re5 41. Qxg5 Rxg5 42. Rb1 Re5 43. Nc3 Kg7 44. a6 Re6 45. Kf2 Rf6+ 46. Ke3
Re8+ 47. Kd2 Rf2+ 48. Kc1 Re1+ 49. Nd1 Ra2 50. Rd2 Ra5 51. Kc2 Re4 52. Kc3 Ra4
53. Nf2 Re3+ 54. Kd4 Rf3 55. Kc5 c3 56. Rc2 d4 57. g4 d3 58. Nxd3 Rxd3 59. Rb3
Rxg4 60. Rcxc3 Rd8 61. Rd3 Rc8+ 62. Kb6 Re4 63. Re3 Rh4 64. Rec3 Re8 65. Rb2
Ra4 66. Rc7 Bf3 67. Rf2 Re6+ 68. Ka7 Re3 69. Kb6 g5 70. Rcc2 Re6+ 71. Ka7 Bd5
72. Rc7 Kg6 73. Rb2 Be4 74. Rd7 Re8 75. Kb6 f5 76. Rd6+ Kh5 77. Kc7 f4 78. Kd7
Re5 0-1

[Event "MCRE_PF10"]
[Site "?"]
[Date "2002.??.??"]
[Round "?"]
[White "Strnad, Martin"]
[Black "Milos, Vladislav"]
[Result "1/2-1/2"]
[WhiteElo "2210"]
[BlackElo "2180"]
[PlyCount "73"]
[EventDate "2002.??.??"]
[EventType "corr"]
[EventRounds "2"]

1. e4 c5 2. Nf3 d6 3. d4 cxd4 4. Nxd4 Nf6 5. Nc3 a6 6. Bc4 g6 7. O-O Bg7 8. Nd5
Nxd5 9. exd5 Nd7 10. Re1 O-O 11. a4 Ne5 12. Bb3 Bg4 13. f3 Bd7 14. Be3 Rc8 15.
Qe2 Qc7 16. c3 Bf6 17. a5 Nc4 18. Bxc4 Qxc4 19. Qxc4 Rxc4 20. Nb3 Ra4 21. Rxa4
Bxa4 22. Nd2 Rc8 23. Kf2 Bc2 24. g3 g5 25. h3 h6 26. Kg2 Kg7 27. Rc1 Bd3 28.
Ne4 Bxe4 29. fxe4 Rc4 30. Kf3 Ra4 31. Bb6 h5 32. g4 Kg6 33. Ke3 Ra2 34. Rb1
hxg4 35. hxg4 e6 36. dxe6 fxe6 37. Kd3 1/2-1/2

[Event "MCRE_PF10"]
[Site "?"]
[Date "2002.??.??"]
[Round "?"]
[White "Koci, Vladimir"]
[Black "Cedrych, Karel"]
[Result "1-0"]
[WhiteElo "2170"]
[BlackElo "2180"]
[PlyCount "63"]
[EventDate "2002.??.??"]
[EventType "corr"]
[EventRounds "2"]

1. d4 Nf6 2. Nf3 e6 3. Bf4 b6 4. e3 Bb7 5. Nbd2 Be7 6. h3 O-O 7. Bd3 c5 8. c3
Nc6 9. O-O d5 10. Ne5 Nxe5 11. dxe5 Ne4 12. Qg4 Nxd2 13. Rfd1 Nf3+ 14. Qxf3 f5
15. g4 Qd7 16. gxf5 exf5 17. Kh2 Qe6 18. Rg1 Rf7 19. Qg3 Kh8 20. Rad1 Rg8 21.
h4 Bd8 22. Bg5 Bc7 23. f4 Re8 24. h5 Bc6 25. Qh3 a5 26. Rg3 a4 27. Rdg1 Ref8
28. Bf6 gxf6 29. Bxf5 Qe8 30. e6 Re7 31. Qg4 Qb8 32. h6 1-0

[Event "MCRE_PF10"]
[Site "?"]
[Date "2002.??.??"]
[Round "?"]
[White "Nigrin, Jiri"]
[Black "Milos, Vladislav"]
[Result "1-0"]
[WhiteElo "2125"]
[BlackElo "2180"]
[PlyCount "119"]
[EventDate "2002.??.??"]
[EventType "corr"]
[EventRounds "2"]

1. d4 Nf6 2. c4 e6 3. Nf3 b6 4. a3 Ba6 5. Qc2 Bb7 6. Nc3 c5 7. e4 cxd4 8. Nxd4
Bc5 9. Nb3 Nc6 10. Bf4 e5 11. Bg3 Nh5 12. Qd2 O-O 13. Rd1 Nxg3 14. hxg3 d6 15.
Be2 Ba6 16. Nd5 Bb7 17. Bg4 Nd4 18. Nxd4 Bxd4 19. b3 h6 20. Bf5 Bxd5 21. Rxh6
f6 22. cxd5 gxh6 23. Qxh6 Rf7 24. Be6 Qf8 25. Qg6+ Qg7 26. Bxf7+ Kf8 27. Qxg7+
Kxg7 28. Be6 Rh8 29. Ke2 a5 30. Rc1 Bc5 31. Ra1 Bd4 32. Rb1 Ra8 33. Rc1 Bc5 34.
Ra1 Bd4 35. Ra2 Bc5 36. Kd3 Rh8 37. Bh3 Rb8 38. b4 axb4 39. axb4 Bxb4 40. Kc4
Bc5 41. Kb5 Kh6 42. f3 Rg8 43. Bg4 Bd4 44. Ra7 Rg7 45. Ra8 Rc7 46. Rh8+ Kg6 47.
Rh4 Rc2 48. Be6 Rxg2 49. Rg4+ Kh6 50. Kc6 Bc5 51. Kd7 Rf2 52. f4 exf4 53. gxf4
b5 54. Ke7 b4 55. Bf5 Be3 56. Rh4+ Kg7 57. Kxd6 Rxf4 58. Rxf4 Bxf4+ 59. Ke7 Be5
60. d6 1-0

[Event "MCRE_PF10"]
[Site "?"]
[Date "2002.??.??"]
[Round "?"]
[White "Cedrych, Karel"]
[Black "Koci, Vladimir"]
[Result "1/2-1/2"]
[WhiteElo "2180"]
[BlackElo "2170"]
[PlyCount "88"]
[EventDate "2002.??.??"]
[EventType "corr"]
[EventRounds "2"]

1. e4 c5 2. Nf3 d6 3. d4 cxd4 4. Nxd4 Nf6 5. Nc3 g6 6. Be3 Bg7 7. f3 O-O 8. Qd2
Nc6 9. Bc4 Nxd4 10. Bxd4 Bd7 11. O-O Rc8 12. Bb3 Qa5 13. Rad1 b6 14. Rfe1 Rfe8
15. e5 dxe5 16. Rxe5 Qa6 17. Qe1 e6 18. Re3 Bc6 19. Qh4 Nd5 20. Nxd5 Bxd5 21.
Bxd5 Bxd4 22. Qxd4 exd5 23. Rxe8+ Rxe8 24. Qxd5 Re2 25. Qd8+ Kg7 26. Qd4+ Kg8
27. Qd8+ Kg7 28. Qd4+ Kg8 29. Qg4 Kg7 30. Rd7 Re1+ 31. Kf2 Qe2+ 32. Kg3 Qe5+
33. Qf4 Qxf4+ 34. Kxf4 Re2 35. Rxa7 Rxg2 36. Rb7 Rxc2 37. Rxb6 Rxh2 38. Kg3 Rh1
39. b3 h5 40. a4 g5 41. Kg2 Ra1 42. Rb5 Kg6 43. a5 Ra2+ 44. Kh3 f6 1/2-1/2

[Event "MCRE_PF10"]
[Site "?"]
[Date "2002.??.??"]
[Round "?"]
[White "Milos, Vladislav"]
[Black "Ksir, Bohumil"]
[Result "0-1"]
[WhiteElo "2180"]
[BlackElo "2165"]
[PlyCount "108"]
[EventDate "2002.??.??"]
[EventType "corr"]
[EventRounds "2"]

1. e4 c6 2. Nf3 d5 3. Nc3 Bg4 4. h3 Bxf3 5. Qxf3 e6 6. Be2 d4 7. Nd1 Bd6 8. c3
Be5 9. cxd4 Bxd4 10. Qb3 Qd7 11. O-O Ne7 12. d3 c5 13. Bf4 O-O 14. Ne3 Nbc6 15.
Rac1 Ng6 16. Bg3 Rad8 17. Bh5 Nge5 18. Be2 b6 19. Bh4 Ra8 20. Rfd1 Ng6 21. Bg3
Qe7 22. Kf1 Rac8 23. Nc2 Qf6 24. Nxd4 Nxd4 25. Qc3 a5 26. Re1 Qg5 27. Bd1 f5
28. Bh2 f4 29. f3 Rcd8 30. Bg1 Ne5 31. Bxd4 Rxd4 32. Bc2 Rf6 33. Rcd1 Rg6 34.
Rd2 Qg3 35. Rf2 Qh2 36. a3 Nc6 37. g4 Qg3 38. Ke2 Rd8 39. Ref1 Nd4+ 40. Kd1
Qxh3 41. Qc4 Qg3 42. Qa6 e5 43. Bb1 Qh4 44. Ba2+ Kh8 45. Qb7 Rh6 46. Kc1 Re8
47. Qf7 Qe7 48. g5 Rh3 49. g6 Qxf7 50. gxf7 Rf8 51. Kd2 g5 52. Bc4 Kg7 53. Kc3
h5 54. b4 cxb4+ 0-1

[Event "MCRE_PF10"]
[Site "?"]
[Date "2002.??.??"]
[Round "?"]
[White "Milos, Vladislav"]
[Black "Nigrin, Jiri"]
[Result "1/2-1/2"]
[WhiteElo "2180"]
[BlackElo "2125"]
[PlyCount "124"]
[EventDate "2002.??.??"]
[EventType "corr"]
[EventRounds "2"]

1. e4 c5 2. Nf3 Nc6 3. Bb5 g6 4. O-O Bg7 5. c3 Nf6 6. Re1 O-O 7. d4 cxd4 8.
cxd4 d5 9. e5 Ne4 10. Nc3 Bf5 11. Nh4 Bd7 12. Nxe4 dxe4 13. Ba4 f5 14. Bg5 Be6
15. Bxc6 bxc6 16. f3 Rb8 17. fxe4 Rxb2 18. Qa4 Qd7 19. Bc1 Rb7 20. exf5 gxf5
21. Ba3 Rfb8 22. Bc5 Bd5 23. Rf1 e6 24. Bd6 Rd8 25. Qa3 Rb5 26. Qg3 Kh8 27. Qg5
Be4 28. Rac1 Rb2 29. Rf2 Rxf2 30. Kxf2 Rc8 31. Kg1 Qb7 32. Qd2 Rg8 33. Bc5 Rb8
34. a3 a6 35. Rf1 Qb2 36. Nf3 Bd5 37. Qe3 Rb3 38. Qg5 h6 39. Qd2 Qxd2 40. Nxd2
Rb2 41. Nf3 h5 42. Rf2 Rb1+ 43. Rf1 Rb3 44. Ng5 Kg8 45. Nh3 Bh6 46. Nf4 Bc4 47.
Rc1 Bd3 48. g3 h4 49. Re1 Bc4 50. Kf2 Rb2+ 51. Kf3 h3 52. a4 Rxh2 53. Rb1 Bxf4
54. Kxf4 Rg2 55. Rb8+ Kg7 56. Rb7+ Kg8 57. Rb8+ Kf7 58. Rb7+ Ke8 59. Rb8+ Kd7
60. Rh8 h2 61. Kg5 f4 62. Rh7+ Ke8 1/2-1/2

[Event "MCRE_PF10"]
[Site "?"]
[Date "2002.??.??"]
[Round "?"]
[White "Ksir, Bohumil"]
[Black "Cedrych, Karel"]
[Result "1-0"]
[WhiteElo "2165"]
[BlackElo "2180"]
[PlyCount "106"]
[EventDate "2002.??.??"]
[EventType "corr"]
[EventRounds "2"]

1. e4 c6 2. d4 d5 3. Nc3 dxe4 4. Nxe4 Nd7 5. Bc4 Ngf6 6. Ng5 e6 7. Qe2 Nb6 8.
Bd3 h6 9. N5f3 c5 10. Be3 Nbd5 11. Ne5 Nxe3 12. fxe3 a6 13. Ngf3 Qc7 14. c3 b5
15. O-O c4 16. Bc2 Be7 17. a4 Rb8 18. axb5 axb5 19. e4 O-O 20. Rfb1 Bb7 21. b3
cxb3 22. Rxb3 Ra8 23. Rab1 Ra2 24. Qxb5 Ba8 25. R3b2 Rxb2 26. Qxb2 Nxe4 27. c4
Rd8 28. Re1 Ng5 29. Nxg5 Bxg5 30. Qb3 Qd6 31. Rd1 Bf6 32. Qe3 Qb6 33. h3 Qb7
34. Qe2 Qb4 35. Kf1 g5 36. Qg4 Qb2 37. Nxf7 Qxc2 38. Nxd8 Bxg2+ 39. Ke1 Bxd8
40. Qxe6+ Kf8 41. Qd6+ Be7 42. Qb8+ Kf7 43. Qf4+ Ke8 44. c5 Bd5 45. Qe5 Kf8 46.
Qg3 Kg7 47. Rd2 Qe4+ 48. Kf1 Bc4+ 49. Kg1 Bf6 50. Qc7+ Kg8 51. Qb8+ Kh7 52.
Qc7+ Bg7 53. Qg3 Bxd4+ 1-0

[Event "MCRE_PF10"]
[Site "?"]
[Date "2002.??.??"]
[Round "?"]
[White "Ksir, Bohumil"]
[Black "Brousek, Jiri"]
[Result "1/2-1/2"]
[WhiteElo "2165"]
[BlackElo "2325"]
[PlyCount "114"]
[EventDate "2002.??.??"]
[EventType "corr"]
[EventRounds "2"]

1. e4 e6 2. d4 d5 3. Nd2 dxe4 4. Nxe4 Bd7 5. Nf3 Bc6 6. Bd3 Nd7 7. O-O Ngf6 8.
Bg5 Be7 9. Nxf6+ Bxf6 10. Bxf6 Qxf6 11. Be2 O-O 12. Qd2 Rfd8 13. Qe3 Nb6 14.
Ne5 Nd5 15. Qf3 Ba4 16. c4 Nf4 17. Bd1 Bc6 18. Nxc6 bxc6 19. Qxc6 Rac8 20. Bf3
Rxd4 21. Qb7 Rcd8 22. Qxa7 Rxc4 23. Rad1 Rf8 24. b3 Rc2 25. Kh1 Qf5 26. a4 c5
27. Qb7 Ra2 28. Be4 Qe5 29. Bb1 Rb2 30. Qe7 g6 31. a5 Rxb3 32. a6 Ra3 33. a7
Nd5 34. Qxc5 Qc3 35. Qd6 Rxa7 36. Be4 Qb4 37. Rxd5 Qxe4 38. Rd2 Rfa8 39. Kg1
Ra6 40. Qg3 Ra1 41. Qd3 Qxd3 42. Rxd3 h5 43. h3 Kg7 44. g4 h4 45. Rxa1 Rxa1+
46. Kg2 Kf6 47. Rf3+ Ke7 48. Rb3 g5 49. Rb7+ Kf6 50. Kf3 Ra3+ 51. Kg2 Rd3 52.
Rc7 e5 53. Rc6+ Ke7 54. Ra6 f6 55. Ra7+ Ke6 56. Ra6+ Rd6 57. Ra3 Rb6 1/2-1/2

[Event "MCRE_PF10"]
[Site "?"]
[Date "2002.??.??"]
[Round "?"]
[White "Milos, Vladislav"]
[Black "Koci, Vladimir"]
[Result "0-1"]
[WhiteElo "2180"]
[BlackElo "2170"]
[PlyCount "72"]
[EventDate "2002.??.??"]
[EventType "corr"]
[EventRounds "2"]

1. e4 c5 2. Nf3 d6 3. d4 cxd4 4. Nxd4 Nf6 5. Nc3 g6 6. Be3 Bg7 7. f3 O-O 8. Qd2
Nc6 9. O-O-O Nxd4 10. Bxd4 Be6 11. Kb1 Qc7 12. h4 Rfc8 13. h5 Qa5 14. h6 Bh8
15. a3 Nd7 16. g4 f6 17. Qg2 Ne5 18. Be2 g5 19. Qf2 b5 20. Nd5 Kf8 21. f4 gxf4
22. Qxf4 Qa4 23. Nc3 Qa5 24. Rhf1 b4 25. axb4 Qxb4 26. Bxe5 dxe5 27. Qxe5 Rab8
28. Nd5 Qc5 29. c4 Bf7 30. Qf4 Rb7 31. Rd2 Rc6 32. g5 Qa5 33. gxf6 Bxf6 34.
Nxf6 exf6 35. Rc2 Ra6 36. Kc1 Qb4 0-1

[Event "MCRE_PF10"]
[Site "?"]
[Date "2002.??.??"]
[Round "?"]
[White "Nigrin, Jiri"]
[Black "Koci, Vladimir"]
[Result "0-1"]
[WhiteElo "2125"]
[BlackElo "2170"]
[PlyCount "90"]
[EventDate "2002.??.??"]
[EventType "corr"]
[EventRounds "2"]

1. d4 Nf6 2. c4 e6 3. Nf3 d5 4. Nc3 c5 5. cxd5 Nxd5 6. e4 Nxc3 7. bxc3 cxd4 8.
cxd4 Bb4+ 9. Bd2 Bxd2+ 10. Qxd2 O-O 11. Bc4 Nc6 12. O-O b6 13. Rad1 Bb7 14.
Rfe1 Rc8 15. d5 Na5 16. Bb3 Nxb3 17. axb3 exd5 18. exd5 Qd6 19. Qd3 Rc5 20. Ng5
Qg6 21. Qxg6 hxg6 22. Re7 Bxd5 23. b4 Rb5 24. Rxa7 Bxg2 25. Ne6 Bf3 26. Nxf8
Bxd1 27. Ra8 g5 28. Rb8 Bg4 29. Kg2 Rxb4 30. Nd7+ Kh7 31. Rxb6 Rxb6 32. Nxb6
Be6 33. Na4 Kg6 34. Nc5 Kf5 35. Kg3 Bc4 36. Na4 f6 37. Nc3 Ke5 38. Nd1 f5 39.
f3 Be6 40. Kf2 f4 41. Kg2 Kd4 42. Nf2 Ke3 43. Nd1+ Kd2 44. Nb2 Ke2 45. Na4 g4
0-1

[Event "MCRE_PF10"]
[Site "?"]
[Date "2002.??.??"]
[Round "?"]
[White "Milos, Vladislav"]
[Black "Cedrych, Karel"]
[Result "1/2-1/2"]
[WhiteElo "2180"]
[BlackElo "2180"]
[PlyCount "168"]
[EventDate "2002.??.??"]
[EventType "corr"]
[EventRounds "2"]

1. d4 Nf6 2. c4 e6 3. Nf3 b6 4. g3 Bb7 5. Bg2 Be7 6. O-O O-O 7. Nc3 Ne4 8. Qc2
Nxc3 9. Qxc3 c5 10. Rd1 d6 11. b3 Bf6 12. Bb2 Qe7 13. Qc2 Nc6 14. e4 g6 15. d5
Nb4 16. Qd2 Bxb2 17. Qxb2 e5 18. a3 Na6 19. Bh3 Nc7 20. b4 Bc8 21. Bxc8 Raxc8
22. bxc5 bxc5 23. Rab1 f5 24. Nd2 f4 25. Qb7 a6 26. Rb6 fxg3 27. fxg3 Qf6 28.
Kh1 Qf2 29. Rb2 Qe2 30. Rg1 Qg4 31. Rbb1 Rf2 32. Rg2 Rf7 33. Kg1 Rcf8 34. Qc6
Rd8 35. Rf2 Rxf2 36. Kxf2 Qg5 37. Ke2 Rf8 38. Kd3 Qd8 39. h4 h5 40. Rb7 Rf7 41.
Rb6 Rf6 42. Ke2 Qc8 43. Ke3 Kg7 44. a4 Kh6 45. Rb1 Qh3 46. Kd3 Qxg3+ 47. Kc2
Rf2 48. Qxc7 Qe3 49. Rd1 Qxe4+ 50. Kc1 Qd4 51. Qe7 Qc3+ 52. Kb1 e4 53. Qxe4 Rf7
54. Ka2 Rb7 55. Qf4+ Kg7 56. Rb1 Qc2+ 57. Ka3 Rxb1 58. Nxb1 Qxb1 59. Qd2 Kf6
60. Qc3+ Kf5 61. Qf3+ Ke5 62. Qe3+ Qe4 63. Qc3+ Qd4 64. Qg3+ Qf4 65. Qxg6 Qf3+
66. Kb2 Qe2+ 67. Kc3 Qe3+ 68. Kb2 Qd2+ 69. Kb1 Qb4+ 70. Ka1 Qxa4+ 71. Kb2 Qb4+
72. Ka1 Qe1+ 73. Kb2 Qxh4 74. Qg7+ Ke4 75. Qg6+ Kd4 76. Qxd6 Qf2+ 77. Kb3 Qf3+
78. Ka4 Qe4 79. Qxa6 Qc2+ 80. Ka3 Qc3+ 81. Ka2 Qb4 82. Qf6+ Kxc4 83. Qh4+ Kxd5
84. Qxh5+ Kc4 1/2-1/2

[Event "MCRE_PF10"]
[Site "?"]
[Date "2002.??.??"]
[Round "?"]
[White "Ksir, Bohumil"]
[Black "Milos, Vladislav"]
[Result "1/2-1/2"]
[WhiteElo "2165"]
[BlackElo "2180"]
[PlyCount "135"]
[EventDate "2002.??.??"]
[EventType "corr"]
[EventRounds "2"]

1. c4 e5 2. Nc3 d6 3. d4 exd4 4. Qxd4 Nc6 5. Qd2 Nf6 6. b3 a5 7. g3 Be7 8. Bg2
O-O 9. Bb2 Bf5 10. e4 Bg6 11. Nge2 a4 12. O-O Na5 13. Qc2 axb3 14. axb3 c6 15.
Ra2 Qb6 16. Rfa1 Ra6 17. Nd4 d5 18. Na4 Qa7 19. Nf5 Bxf5 20. exf5 dxc4 21. bxc4
b6 22. c5 bxc5 23. Nc3 Qb6 24. Qe2 Ra7 25. Rxa5 Rxa5 26. Rxa5 Qxa5 27. Qxe7 Re8
28. Qd6 Qb4 29. Qd2 Nd5 30. f6 gxf6 31. Qc1 Rb8 32. Ba1 Nxc3 33. Bxc3 Qb1 34.
Qxb1 Rxb1+ 35. Bf1 Kg7 36. Kg2 c4 37. Ba5 Ra1 38. Bb6 c3 39. Bd3 Ra2 40. Be3 c2
41. Kf3 c5 42. g4 c4 43. Bf5 Kh8 44. Be4 Kg8 45. h4 Kg7 46. Bf5 c3 47. h5 h6
48. Bd3 Rb2 49. Bf5 Ra2 50. Kg3 Rb2 51. f4 Kg8 52. Bd3 Ra2 53. Kf3 Rb2 54. Ke4
Rb4+ 55. Kd5 Kg7 56. Bxc2 Rb2 57. Bd3 Rg2 58. Kd4 Rxg4 59. Kxc3 Rg2 60. Bc2 Rh2
61. Bd1 f5 62. Bd2 Kf6 63. Kd3 Rh3+ 64. Kd4 Kg7 65. Bb4 f6 66. Be2 Kf7 67. Bc5
Kg7 68. Bd6 1/2-1/2

[Event "MCRE_PF10"]
[Site "?"]
[Date "2002.??.??"]
[Round "?"]
[White "Strnad, Martin"]
[Black "Ksir, Bohumil"]
[Result "1-0"]
[WhiteElo "2210"]
[BlackElo "2165"]
[PlyCount "77"]
[EventDate "2002.??.??"]
[EventType "corr"]
[EventRounds "2"]

1. e4 c6 2. d4 d5 3. Nc3 dxe4 4. Nxe4 Nd7 5. Ng5 Nb6 6. N1f3 g6 7. Bd3 Bg7 8.
c3 Nh6 9. O-O O-O 10. Re1 Bf5 11. Ne4 Nd5 12. Ne5 f6 13. Nf3 Nf7 14. Nc5 Bc8
15. Qb3 b6 16. Ne6 Bxe6 17. Rxe6 Qd7 18. Re1 e5 19. dxe5 fxe5 20. Bd2 Rad8 21.
Rad1 Qe6 22. Be4 Rd7 23. Bf4 Rd6 24. Bg3 Rfd8 25. Bc2 R6d7 26. Rd2 b5 27. Rde2
Re7 28. Qa3 Bf6 29. Bb3 Qd6 30. Qxd6 Rxd6 31. c4 Nb4 32. Nxe5 Bxe5 33. Bxe5 Rd8
34. Bf6 Rxe2 35. Rxe2 Rc8 36. cxb5 cxb5 37. h3 a5 38. Re7 Rf8 39. Rd7 1-0

[Event "MCRE_PF10"]
[Site "?"]
[Date "2002.??.??"]
[Round "?"]
[White "Strnad, Martin"]
[Black "Rotter, Walter"]
[Result "1/2-1/2"]
[WhiteElo "2210"]
[BlackElo "2155"]
[PlyCount "82"]
[EventDate "2002.??.??"]
[EventType "corr"]
[EventRounds "2"]

1. e4 e5 2. Nf3 Nc6 3. d4 exd4 4. Nxd4 Bc5 5. Nf5 Qf6 6. Nc3 Nge7 7. Ne3 O-O 8.
Bd3 d6 9. O-O Ne5 10. Be2 Be6 11. Kh1 N7c6 12. Ncd5 Qd8 13. f4 Nd7 14. f5 Bxd5
15. Nxd5 Bd4 16. f6 Bxf6 17. Nxf6+ Nxf6 18. Bg5 Re8 19. Bxf6 gxf6 20. Qd3 Ne5
21. Qb3 b6 22. Rf5 Re6 23. Raf1 Qe7 24. Bb5 Kh8 25. Qc3 Rg8 26. a3 Rg6 27. b4
c6 28. Be2 b5 29. Qd4 Nc4 30. Bd3 Nd2 31. R1f4 d5 32. exd5 Re1+ 33. Bf1 Nxf1
34. Rxf1 cxd5 35. Qxd5 Re2 36. g3 Rh6 37. Rh5 Rxh5 38. Qxh5 Qe6 39. Kg1 Rxc2
40. Qf5 Rc1 41. Qxb5 Qe3+ 1/2-1/2

[Event "MCRE_PF10"]
[Site "?"]
[Date "2002.??.??"]
[Round "?"]
[White "Rotter, Walter"]
[Black "Koci, Vladimir"]
[Result "0-1"]
[WhiteElo "2155"]
[BlackElo "2170"]
[PlyCount "90"]
[EventDate "2002.??.??"]
[EventType "corr"]
[EventRounds "2"]

1. d4 Nf6 2. c4 e6 3. Nf3 d5 4. Nc3 c5 5. e3 Nc6 6. a3 dxc4 7. Bxc4 a6 8. O-O
b5 9. Bd3 cxd4 10. exd4 Bb7 11. Ne4 Na5 12. Nc5 Bxc5 13. dxc5 Qd5 14. b4 Nb3
15. Rb1 Nd4 16. Ne1 O-O 17. Bb2 Rfd8 18. Bxd4 Qxd4 19. Qc2 Qf4 20. Rd1 Rac8 21.
Qe2 Bd5 22. g3 Qc7 23. Nf3 Bb3 24. Rc1 Bd5 25. Ne5 g6 26. Qe3 Kg7 27. Rfe1 Ba8
28. a4 Nd5 29. Qd2 f6 30. Ng4 Nxb4 31. Qxb4 Rxd3 32. Rxe6 Rd6 33. cxd6 Qxc1+
34. Qe1 Qxe1+ 35. Rxe1 Bf3 36. axb5 axb5 37. h3 Rd8 38. Re7+ Kf8 39. Re6 f5 40.
Ne5 Bd5 41. Re7 Rxd6 42. Rxh7 b4 43. Rh4 Re6 44. Nxg6+ Kg7 45. Kf1 b3 0-1

[Event "MCRE_PF10"]
[Site "?"]
[Date "2002.??.??"]
[Round "?"]
[White "Koci, Vladimir"]
[Black "Brousek, Jiri"]
[Result "0-1"]
[WhiteElo "2170"]
[BlackElo "2325"]
[PlyCount "120"]
[EventDate "2002.??.??"]
[EventType "corr"]
[EventRounds "2"]

1. d4 e6 2. Nf3 f5 3. Bf4 Nf6 4. e3 Be7 5. Nbd2 O-O 6. c3 d6 7. Bd3 Nbd7 8. h3
Nb6 9. g4 Nfd5 10. Bh2 Bd7 11. e4 fxe4 12. Bxe4 Bb5 13. Qb1 Nf6 14. Bc2 g6 15.
Bxg6 hxg6 16. Qxg6+ Kh8 17. Ng5 Qd7 18. Qh6+ Kg8 19. O-O-O Bd8 20. f4 Nh7 21.
Qxe6+ Kg7 22. Qxd7+ Bxd7 23. Nge4 Nf6 24. Rde1 Nxe4 25. Nxe4 Be7 26. Bg3 Rae8
27. Kc2 Bc6 28. Kd3 Bd8 29. Rh2 Bb5+ 30. Kc2 Nd5 31. f5 Rf7 32. c4 Bxc4 33.
Nxd6 Rxe1 34. Nxf7 Re3 35. Nxd8 Rxg3 36. Kc1 Ne3 37. Rf2 Kf6 38. Nxb7 Rxh3 39.
Nc5 Nxg4 40. Ne4+ Ke7 41. Rg2 Rh4 42. f6+ Kf7 43. Rg3 Bd5 44. Nc5 Nxf6 45. Ra3
Rxd4 46. b3 Ke7 47. Rxa7 Kd6 48. Ra5 Ne4 49. Nxe4+ Rxe4 50. Kb2 c6 51. Kc3 Rg4
52. Ra6 Kc5 53. Ra5+ Kb6 54. Ra8 Rg7 55. Rb8+ Rb7 56. Ra8 Ra7 57. Rxa7 Kxa7 58.
a4 Kb6 59. b4 Bf3 60. Kb2 Bg4 0-1

[Event "MCRE_PF10"]
[Site "?"]
[Date "2002.??.??"]
[Round "?"]
[White "Brousek, Jiri"]
[Black "Koci, Vladimir"]
[Result "1/2-1/2"]
[WhiteElo "2325"]
[BlackElo "2170"]
[PlyCount "114"]
[EventDate "2002.??.??"]
[EventType "corr"]
[EventRounds "2"]

1. d4 Nf6 2. Nf3 d5 3. e3 e6 4. Bd3 c5 5. b3 Nc6 6. Bb2 cxd4 7. exd4 Bd6 8. O-O
O-O 9. Re1 Bd7 10. a3 Rc8 11. Ne5 Qb6 12. Nd2 Nxd4 13. Ndc4 dxc4 14. Bxd4 Qc7
15. Bxc4 Rfd8 16. Qf3 Be8 17. Bb2 b5 18. Bd3 Nd5 19. Qe4 f5 20. Qh4 Nc3 21. Nf3
Be7 22. Qh3 Qd6 23. a4 b4 24. Re3 Bf6 25. Rae1 Bf7 26. Ne5 Bxe5 27. Rxe5 Rc5
28. Bxc3 Rxc3 29. Qh4 h6 30. Ra5 Rc7 31. Rb5 Be8 32. Rbe5 Bf7 33. Bc4 Qd2 34.
f3 Rd6 35. Qf2 Qc3 36. R5e3 Qd4 37. Rd3 Qb6 38. a5 Qxf2+ 39. Kxf2 Rxd3 40. cxd3
Rc5 41. a6 g5 42. d4 Rc6 43. Re5 Kg7 44. g3 Kf6 45. Ke3 Be8 46. f4 Rd6 47. d5
exd5 48. Rxd5 Rxd5 49. Bxd5 Bb5 50. Kd4 Bxa6 51. Kc5 Ke7 52. Kxb4 Kd6 53. Bc4
Bxc4 54. Kxc4 Kc6 55. Kd4 Kd6 56. b4 a6 57. h3 g4 1/2-1/2

[Event "MCRE_PF10"]
[Site "?"]
[Date "2002.??.??"]
[Round "?"]
[White "Strnad, Martin"]
[Black "Nigrin, Jiri"]
[Result "1/2-1/2"]
[WhiteElo "2210"]
[BlackElo "2125"]
[PlyCount "108"]
[EventDate "2002.??.??"]
[EventType "corr"]
[EventRounds "2"]

1. e4 c5 2. Nf3 Nc6 3. Bb5 g6 4. O-O Bg7 5. Re1 e5 6. Bxc6 dxc6 7. d3 Ne7 8.
Be3 b6 9. a4 a5 10. Nbd2 Ba6 11. Qe2 O-O 12. Rad1 Qc7 13. b3 Rad8 14. Nc4 f6
15. c3 Nc8 16. d4 cxd4 17. cxd4 exd4 18. Nxd4 Rde8 19. Qg4 Bxc4 20. bxc4 Qf7
21. Nxc6 Qxc4 22. Qd7 Rxe4 23. Rc1 Qf7 24. Qd3 Qe8 25. Red1 f5 26. Nd8 f4 27.
Rxc8 fxe3 28. Qb3+ Kh8 29. Nf7+ Qxf7 30. Qxf7 Rxc8 31. fxe3 Rxa4 32. Qb7 Rg8
33. Qxb6 Ra2 34. g3 a4 35. Rd7 a3 36. Qb3 Ra1+ 37. Kg2 a2 38. Kh3 h6 39. Rxg7
Kxg7 40. Qc3+ Kf7 41. Qxa1 Ra8 42. Kg4 Ra4+ 43. Kf3 Ke6 44. e4 Ra3+ 45. Kf4 Ra5
46. h3 Kf7 47. h4 Ke6 48. g4 g5+ 49. hxg5 hxg5+ 50. Ke3 Ra3+ 51. Kd2 Ra7 52.
Kc3 Ra6 53. Kb4 Ra7 54. Kb5 Ra8 1/2-1/2

[Event "MCRE_PF10"]
[Site "?"]
[Date "2002.??.??"]
[Round "?"]
[White "Strnad, Martin"]
[Black "Cedrych, Karel"]
[Result "1/2-1/2"]
[WhiteElo "2210"]
[BlackElo "2180"]
[PlyCount "100"]
[EventDate "2002.??.??"]
[EventType "corr"]
[EventRounds "2"]

1. e4 c5 2. Nf3 Nc6 3. d4 cxd4 4. Nxd4 Nf6 5. Nc3 d6 6. Bg5 e6 7. Qd2 Be7 8.
O-O-O O-O 9. f4 h6 10. Bh4 Bd7 11. Ndb5 Nxe4 12. Bxe7 Nxd2 13. Bxd8 Nxf1 14.
Rhxf1 Rfxd8 15. Nxd6 Rab8 16. Rd2 Ne7 17. Rfd1 Bc6 18. Nf5 Rxd2 19. Nxe7+ Kf8
20. Ng6+ fxg6 21. Rxd2 Ke7 22. g3 Rf8 23. a3 a6 24. Nd1 b5 25. Ne3 g5 26. fxg5
hxg5 27. b3 Bf3 28. Kb2 Bc6 29. c4 Rf3 30. Nc2 bxc4 31. bxc4 Be4 32. Nd4 Rf6
33. Kc3 Bb7 34. Nb3 Bc8 35. Nc5 Rf3+ 36. Kb4 a5+ 37. Kxa5 Rxa3+ 38. Kb4 Re3 39.
Na4 Bb7 40. Nb6 Bf3 41. Nc8+ Ke8 42. Nd6+ Kf8 43. Ra2 Ke7 44. c5 g4 45. Ra7+
Kf6 46. Rf7+ Kg6 47. Rf8 Re1 48. Nc8 Rb1+ 49. Ka5 Kg5 50. Nd6 Rb2 1/2-1/2

[Event "MCRE_PF10"]
[Site "?"]
[Date "2002.??.??"]
[Round "?"]
[White "Strnad, Martin"]
[Black "Koci, Vladimir"]
[Result "1-0"]
[WhiteElo "2210"]
[BlackElo "2170"]
[PlyCount "77"]
[EventDate "2002.??.??"]
[EventType "corr"]
[EventRounds "2"]

1. d4 Nf6 2. c4 e6 3. Nc3 d5 4. Bg5 Be7 5. e3 O-O 6. Nf3 Nbd7 7. cxd5 Nxd5 8.
Bxe7 Qxe7 9. Bd3 Nxc3 10. bxc3 c5 11. O-O Nf6 12. Ne5 b6 13. a4 Bb7 14. a5 Qc7
15. Qa4 Rfc8 16. Rfb1 Rab8 17. Rb2 Be4 18. Bf1 Nd5 19. Qd7 bxa5 20. Rxb8 Rxb8
21. Qxc7 Nxc7 22. f3 Ba8 23. Nd7 Rc8 24. Nxc5 Nd5 25. e4 Nxc3 26. Ra3 Nb1 27.
Rxa5 Bc6 28. Kf2 Nc3 29. Ke3 Rd8 30. Bd3 Nd1+ 31. Ke2 Nb2 32. Rxa7 Nxd3 33.
Kxd3 Bb5+ 34. Ke3 h5 35. h4 Rd6 36. g4 hxg4 37. fxg4 f6 38. Re7 Bc4 39. g5 1-0

[Event "MCRE_PF10"]
[Site "?"]
[Date "2002.??.??"]
[Round "?"]
[White "Cedrych, Karel"]
[Black "Strnad, Martin"]
[Result "1/2-1/2"]
[WhiteElo "2180"]
[BlackElo "2210"]
[PlyCount "116"]
[EventDate "2002.??.??"]
[EventType "corr"]
[EventRounds "2"]

1. e4 e5 2. Nf3 Nf6 3. Nxe5 d6 4. Nf3 Nxe4 5. d4 d5 6. Bd3 Nc6 7. O-O Be7 8.
Re1 O-O 9. Bxe4 dxe4 10. Rxe4 Bf5 11. Re1 Nb4 12. Na3 c5 13. c3 Nd3 14. Re3
Nxc1 15. Rxc1 cxd4 16. cxd4 a6 17. d5 Bf6 18. Re2 b5 19. Qb3 Re8 20. Rxe8+ Qxe8
21. Nc2 Qc8 22. Nfe1 Qc7 23. Rd1 Bg4 24. Rd3 Rc8 25. h3 Bd7 26. Rd1 Qe5 27. Nd4
Rc5 28. Ndf3 Qd6 29. Nc2 a5 30. a3 Rc8 31. Nfd4 a4 32. Qf3 Rc4 33. Qe2 g6 34.
Nf3 Rc8 35. Nb4 Kg7 36. Ne1 Rc4 37. Nec2 Bxb2 38. Ne3 Rxb4 39. axb4 Qxb4 40.
Nc2 Qc4 41. Qxc4 bxc4 42. Nb4 Kf8 43. d6 Ke8 44. Rd5 c3 45. Re5+ Be6 46. Ra5
Kd7 47. Ra7+ Kxd6 48. Rxa4 Bf5 49. g4 Kc5 50. gxf5 Kb5 51. fxg6 fxg6 52. Ra7
Kxb4 53. Rb7+ Kc4 54. Rc7+ Kd3 55. Rd7+ Ke2 56. Re7+ Kd2 57. Rd7+ Kc1 58. Rxh7
c2 1/2-1/2